| 000 | 00510nam a2200193Ia 4500 | ||
|---|---|---|---|
| 008 | 151119s9999||||xx |||||||||||||| ||und|| | ||
| 082 | _a891.463 | ||
| 082 | _bGKKV806 | ||
| 100 | _aकर्णिक मधु मंगेश | ||
| 245 | _aदरवळ | ||
| 260 | _a-- | ||
| 260 | _b-- | ||
| 260 | _c1999 | ||
| 600 | _aकर्णिक मधु मंगेश | ||
| 630 | _aदरवळ | ||
| 700 | _aकर्णिक मधु मंगेश | ||
| 730 | _aदरवळ | ||
| 942 | _cBOOK | ||
| 999 |
_c1057454 _d1057451 |
||